000
00329nam a2200145Ia 4500
008
191201s2007 xx 000 0 und d
082
_a
658.45
_b
KAB
100
_a
Kaul, Asha
245
0
_a
Business Communication
250
_a
2nd
260
_a
N.Delhi
_b
Prentice Hall
_c
2007
300
_a
125
650
_a
MBA
942
_2
ddc
_c
BK
999
_c
2658
_d
2658